| 000 | 00349nam a2200145Ia 4500 | ||
|---|---|---|---|
| 008 | 230917s9999||||xx |||||||||||||| ||und|| | ||
| 040 |
_e83009 _aMAIN |
||
| 041 | _aEnglish | ||
| 082 | _a512.5 H439P | ||
| 100 | _aHerstein, I N | ||
| 245 | 2 | _aA primer on linear algebra | |
| 260 |
_aNew York _bMacmillan _c1990 |
||
| 300 | _axx, 563 p. | ||
| 942 | _cBK | ||
| 999 |
_c85257 _d85257 |
||